LEADER 01426nam a2200337 u 4500 001 000000042001 003 CaOOAMICUS 005 20070226114258.0 008 990217s1966 it u000 u ita u 035 $a10814521 040 $aPUL(R)$bita 100 1 $aCapogrossi Colognesi, Luigi.$0(OLS)http://pul/name/22842 245 10$aRicerche sulla struttura delle servitù d'acqua in diritto romano /$cLuigi Capogrossi Colognesi. 260 $aMilano :$bA. Giuffrè,$c1966. 300 $avi, 201 p. ;$c24 cm 490 1 $aQuaderni di "Studi senesi" ;$v14 500 $aInclude indici. 504 $aBibliografia in nota. 650 4$aDiritto romano.$0(OLS)http://pul/subject/382 830 0$aQuaderni di "Studi senesi" ;$v14.$0(OLS)http://pul/title/2887 850 $aPUL 852 $aPUL$W1$xSL Diritto e Scienze Sociali 1$y4$m189 B 111$j56823$nBK-PRI$b $qStampati$B56823$CPULBib$Z2$F56823 $H $81 852 $aPUL$W1$xDP1 Fondo Ciprotti$y59$m1538 E 24$j56824$nBK-PRI$b $qFondi$B56824$CPULBib$Z2$F56824 $H $81 941 1 $a8 941 1 $a1 960 $aRoman law$9382 960 $aRoman law$9382 961 $aINV: 28907 961 $aINV: Fondo Ciprotti 996 $6245$aRicerche sulla struttura delle servitù d'acqua in diritto romano$9(OLS)http://pul/title/56671 996 $6260$aMilano :$bA. Giuffrè$9(OLS)http://pul/publisher/48096 LEADER 01062naa a2200229 u 4500 001 000000097624 003 CaOOAMICUS 005 20070226130151.0 008 050504s1978 it u000 u ita u 035 $a11044863 040 $aIAR$bita 100 1 $aCapogrossi Colognesi, Luigi.$0(OLS)http://pul/name/22842 245 10$aMax Weber e la "Römische Agrargeschichte" /$cL. Capogrossi Colognesi. 260 $aPisa :$bScuola Normale,$c1978. 300 $aS. 1333-1363 ;$c25 cm 500 $aSeminario su Max Weber. 600 14$aWeber, Max,$d1864-1920.$0(OLS)http://pul/subject/18992 730 0 $aAnnali della Scuola normale superiore di Pisa, Classe di lettere e filosofia$g[Spogli].$0(OLS)http://pul/title/24292 773 0 $tAnnali della Scuola Normale Superiore di Pisa$gSerie III, vol. VIII,4 (1978). 773 0 $tAnnali della Scuola normale superiore di Pisa, Classe di lettere e filosofia$w()16982 996 $6245$aMax Weber e la "Römische Agrargeschichte"$9(OLS)http://pul/title/124508 996 $6260$aPisa :$bScuola Normale$9(OLS)http://pul/publisher/79182